| 000 | 00760cam a22002413a 4500 | ||
|---|---|---|---|
| 001 | 21648 | ||
| 003 | PGUSA | ||
| 005 | 20140828083448.0 | ||
| 008 | 070531s2007||||xxu|||||s|||||000 | eng d | ||
| 040 |
_aPGUSA _beng |
||
| 042 | _adc | ||
| 050 | 4 | _aDA | |
| 100 | 1 |
_aBesant, Walter, _d1836-1901 |
|
| 245 | 1 | 0 |
_aWestminster : _bThe Fascination of London _h[electronic resource] / _cWalter Besant |
| 260 |
_bProject Gutenberg, _c2007 |
||
| 505 | 0 | _aWestminster. -- The Strand District. -- Hampstead. -- Chelsea. | |
| 506 | _aPublic domain in the USA. | ||
| 516 | _aElectronic text | ||
| 653 | _aWestminster (London, England) -- Description and travel | ||
| 830 | 0 |
_aProject Gutenberg _v21648 |
|
| 856 | 4 | 0 | _uhttp://www.gutenberg.org/ebooks/21648 |
| 942 | _cEB | ||
| 999 |
_c250903 _d250903 |
||